| 000 | 00369 a2200169 4500 | ||
|---|---|---|---|
| 001 | 61854 | ||
| 020 | _a9788539003198 | ||
| 040 | _cAnchieta - Pituba | ||
| 100 | _aCarvalho, José Murilo | ||
| 240 | 1 | 0 |
_aA construção nacional _lpor |
| 245 | 1 | 0 | _aA construção nacional |
| 300 | _a328 | ||
| 362 | 0 | _a2012 | |
| 440 | 1 | _aObjetiva | |
| 650 | 4 | _aBrasil | |
| 942 | _cBK | ||
| 999 |
_c61854 _d61854 |
||